000 00356nam a2200157Ia 4500
008 160316s9999 xxu||||| |||| 00| 0 eng d
082 _a344.046000
_bENV
100 _a
245 _aEnvironment legislation: Concept paper
250 _a
260 _a
_b
_c0
300 _a5
_b
_c
365 _b
650 _a1. Environment legislation
700 _a
_a
999 _c41672
_d41672